| 000 | 00854 a2200229 4500 | ||
|---|---|---|---|
| 003 | UA-OsUOA | ||
| 005 | 20260424115029.0 | ||
| 008 | 260424b un ||||| |||| 00| 0 ukr d | ||
| 040 |
_aUA-OsUOA _bukr _cUA-OsUOA _dUA-OsUOA |
||
| 041 | _aukr | ||
| 080 | _a050 | ||
| 090 |
_a050 _bЖ66 |
||
| 110 |
_aОрганізація Українок Канади ім. Ольги Басараб _925064 |
||
| 245 |
_aЖіночий Світ _nч. 31 |
||
| 260 |
_bThe Basilian Press _cсічень-березень 2008 _aТоронто |
||
| 300 | _a40 с. | ||
| 520 | _aРік 59 січень-березень 2008 ч. 31 (624) | ||
| 650 |
_2UDC _a050 Серіальні видання. Періодика _93723 |
||
| 942 |
_cMG _2udc |
||
| 955 | _a4 | ||
| 999 |
_c580522 _d580522 |
||